MS/Thesis:Modelling and Control of Power Dissipation in Internet Data Centers (Record no. 531487)

000 -LEADER
fixed length control field 00474nam a22001577a 4500
003 - CONTROL NUMBER IDENTIFIER
control field NUST
005 - DATE AND TIME OF LATEST TRANSACTION
control field 20191017155052.0
008 - FIXED-LENGTH DATA ELEMENTS--GENERAL INFORMATION
fixed length control field 191017b ||||| |||| 00| 0 eng d
038 ## - RECORD CONTENT LICENSOR
Staff Name Nusrat Nadeem
082 ## - DEWEY DECIMAL CLASSIFICATION NUMBER
Classification number 004 RAH
100 ## - MAIN ENTRY--PERSONAL NAME
Personal name Batool Rahila
9 (RLIN) 24265
245 ## - TITLE STATEMENT
Title MS/Thesis:Modelling and Control of Power Dissipation in Internet Data Centers
Statement of responsibility, etc. Rahila Batool
260 ## - PUBLICATION, DISTRIBUTION, ETC.
Place of publication, distribution, etc. Islamabad
Name of publisher, distributor, etc. RCMS NUST
Date of publication, distribution, etc. 2018
700 ## - ADDED ENTRY--PERSONAL NAME
Relator code Dr. Mian Ilyas Ahmad(Supervisor)
942 ## - ADDED ENTRY ELEMENTS (KOHA)
Source of classification or shelving scheme
Koha item type Thesis
Holdings
Withdrawn status Lost status Source of classification or shelving scheme Damaged status Not for loan Permanent Location Current Location Shelving location Date acquired Total Checkouts Full call number Barcode Date last seen Price effective from Koha item type
          School of Interdisciplinary Engineering and Sciences (SINES) School of Interdisciplinary Engineering and Sciences (SINES) Thesis 10/17/2019   004 RAH RCMS003133 10/17/2019 10/17/2019 Thesis
© 2023 Central Library, National University of Sciences and Technology. All Rights Reserved.